[Event "POL-chT3 Podkarpackie"]
[Site "Czudec"]
[Date "2016.06.18"]
[Round "7.16"]
[White "Kucharski, Bartlomiej"]
[Black "Rogus, Sylwester"]
[Result "1-0"]
[WhiteElo "1667"]
[BlackElo "1609"]
[PlyCount "77"]
[EventDate "2016.05.27"]
[EventType "team-tourn"]
[EventRounds "9"]
[EventCountry "POL"]
[SourceTitle "EXT 2018"]
[Source "ChessBase"]
[SourceDate "2017.10.13"]
[SourceVersion "1"]
[SourceVersionDate "2017.10.13"]
[SourceQuality "1"]
[WhiteTeam "Czarna LKSz GCKiP II"]
[BlackTeam "Pilzno GKSz Hetman II"]
[WhiteTeamCountry "POL"]
[BlackTeamCountry "POL"]

1. e4 d6 2. d4 e6 3. Nc3 Nd7 4. f4 c5 5. Nf3 Ne7 6. Be3 cxd4 7. Nxd4 Nc6 8. Bc4 Nb6 9. Bb3 Be7 10. 0-0 0-0 11. Qd2 Bd7 12. Rad1 Na5 13. Qd3 Nxb3 14. axb3 f5 15. exf5 exf5 16. Ndb5 Bxb5 17. Nxb5 d5 18. Kh1 Kh8 19. Rfe1 Bf6 20. Bc5 Rf7 21. Qxf5 Rd7 22. Re6 Rc8 23. Bxb6 axb6 24. Nd6 Rxd6 25. Rxd6 Qe8 26. c3 Rc6 27. R6xd5 Re6 28. Qxe6 Qxe6 29. Rd8+ Bxd8 30. Rxd8+ Qg8 31. Rxg8+ Kxg8 32. g3 Kf7 33. Kg2 Ke6 34. Kf3 Kd5 35. Ke3 b5 36. g4 b6 37. h3 h6 38. h4 g6 39. Kd3 1-0

[Event "POL-chT3 Podkarpackie"]
[Site "Czudec"]
[Date "2016.05.29"]
[Round "5.23"]
[White "Rogus, Sylwester"]
[Black "Szpar, Milosz"]
[Result "0-1"]
[WhiteElo "1609"]
[BlackElo "1956"]
[PlyCount "78"]
[EventDate "2016.05.27"]
[EventType "team-tourn"]
[EventRounds "9"]
[EventCountry "POL"]
[SourceTitle "EXT 2018"]
[Source "ChessBase"]
[SourceDate "2017.10.13"]
[SourceVersion "1"]
[SourceVersionDate "2017.10.13"]
[SourceQuality "1"]
[WhiteTeam "Pilzno GKSz Hetman II"]
[BlackTeam "Czarna LKSz GCKiP"]
[WhiteTeamCountry "POL"]
[BlackTeamCountry "POL"]

1. e4 c5 2. Nf3 Nc6 3. d4 cxd4 4. Nxd4 g6 5. Be3 Bg7 6. Nc3 Nf6 7. Be2 0-0 8. 0-0 d6 9. Qd2 Ng4 10. Bxg4 Bxg4 11. f3 Bd7 12. Rad1 Re8 13. Qf2 Ne5 14. Bc1 Rc8 15. Nd5 Qa5 16. a3 e6 17. Ne3 b5 18. Rd2 Nc4 19. Nxc4 bxc4 20. c3 d5 21. Nc2 Ba4 22. exd5 exd5 23. Nb4 Rcd8 24. Re2 Rxe2 25. Qxe2 Re8 26. Qd2 Qc5+ 27. Kh1 d4 28. cxd4 Qxd4 29. Qxd4 Bxd4 30. Na2 f5 31. h3 Kf7 32. Nc3 Bc2 33. Bd2 Rb8 34. Re1 Rxb2 35. Nd5 Be4 36. fxe4 Rxd2 37. exf5 gxf5 38. Re7+ Kg6 39. Rc7 Rd1+ 0-1

[Event "POL-chT3 Podkarpackie"]
[Site "Pstragowa"]
[Date "2014.05.04"]
[Round "8.5"]
[White "Zaskalski, Dawid"]
[Black "Rogus, Sylwester"]
[Result "0-1"]
[WhiteElo "1898"]
[BlackElo "1672"]
[PlyCount "81"]
[EventDate "2014.04.30"]
[EventType "team-tourn"]
[EventRounds "9"]
[EventCountry "POL"]
[SourceTitle "EXT 2015"]
[Source "ChessBase"]
[SourceDate "2014.11.20"]
[SourceVersion "1"]
[SourceVersionDate "2014.11.20"]
[SourceQuality "1"]
[WhiteTeam "Mielec"]
[BlackTeam "Pilzno GKSz Hetman II"]
[WhiteTeamCountry "POL"]
[BlackTeamCountry "POL"]

1. e4 e5 2. Nf3 Nc6 3. Bb5 Nf6 4. Bxc6 dxc6 5. 0-0 Bg4 6. d3 Bc5 7. Be3 Bxe3 8. fxe3 c5 9. Nc3 c6 10. Qd2 Qe7 11. Qf2 0-0 12. Nh4 Be6 13. b3 Nd7 14. Nf5 Qd8 15. Qg3 g6 16. Nh4 Kg7 17. Rf2 a5 18. a4 Qb8 19. Raf1 b5 20. Rf3 c4 21. bxc4 bxc4 22. Rb1 Qc7 23. d4 Rfb8 24. Rd1 f6 25. d5 Bf7 26. dxc6 Qxc6 27. Rd6 Qc7 28. Nb5 Rxb5 29. axb5 a4 30. c3 a3 31. Rf1 a2 32. Ra1 Nc5 33. Rc6 Qa5 34. Qf3 Nd7 35. Ra6 Rxa6 36. bxa6 Qxa6 37. Qe2 Qa5 38. Qc2 Qa7 39. Kf2 Nc5 40. Nf3 Nd3+ 41. Ke2 0-1